000 00587nam a2200181 i 4500
001 94072
003 ES-MaACL
005 20230906181403.0
007 t|
008 050616s1912 fr ||||1| spa d
245 0 0 _aCinco obras dramáticas anteriores a Lope de Vega /
_cpublícalas Adolfo Bonilla y San Martín.
260 _aNew York, Paris :
_b[s.n.],
_c1912.
300 _a108 p. ;
_c25 cm.
500 _aExtrait de la Revue Hispanique, tome XXVII.
700 1 _aBonilla y San Martín, Adolfo,
_d1875-1926
_930193
852 _aES-MaACL
_jT-1399-F-2
999 _c94072
_d94072